000 00608nam a2200205 i 4500
001 40752
003 ES-MaACL
005 20230906160313.0
007 t|
008 030307s1953 sp ||||1| cat d
100 1 _aCapmany, Aureli (
_d1868-1954)
_934863
245 1 3 _aLa danza a Catalunya /
_cAurelio Capmany.
260 _aBarcelona :
_bBarcino,
_c1953 (
_eSabadell :
_fJoan Sallent)
300 _a148 p., 2 lám. :
_bil. ;
_c19 cm.
490 1 _aEnciclopedia Catalunya
500 _aEs el vol. II.
830 0 _aEnciclopedia Catalunya
_9184362
852 _aES-MaACL
_jE-5079
999 _c40752
_d40752